Logic and structure /
Guardado en:
| Autor Principal: | |
|---|---|
| Formato: | Libro |
| Idioma: | English |
| Publicado: |
London :
Springer,
c2013.
|
| Edición: | 5th ed. |
| Series: | Universitext,
|
| Materias: | |
| Etiquetas: |
Agregar Etiqueta
Sin Etiquetas, Sea el primero en etiquetar este registro!
|
| LEADER | 00786cam a22002417a 4500 | ||
|---|---|---|---|
| 001 | DCC.dcic001074 | ||
| 008 | 121031s2013####enka#####b####000#0#eng#d | ||
| 005 | 20151130153530.0 | ||
| 245 | 1 | 0 | |a Logic and structure / |c Dirk van Dalen. |
| 250 | |a 5th ed. | ||
| 260 | |a London : |b Springer, |c c2013. | ||
| 300 | |a x, 263 p. : |b il. ; |c 24 cm. | ||
| 490 | 0 | |a Universitext, |x 0172-5939 | |
| 504 | |a Incluye referencias bibliográficas (p. 257) e índice. | ||
| 020 | |a 9781447145578 (pbk. : alk. paper) | ||
| 020 | |a 9781447145585 (ebk.) | ||
| 100 | 1 | |a Dalen, D. van |q (Dirk), |d 1932- | |
| 650 | 0 | |a Logic, Symbolic and mathematical. | |
| 010 | |a 2012953020 | ||
| 040 | |a LWU |c LWU |d OCLCO |d OHX |d YDXCP |d BWX |d CDX |d DLC | ||
| 050 | 0 | 0 | |a QA9 |b .D16 2013 |
| 072 | |a QA |2 lcco | ||
| 859 | |a DCIC |b BIB. COMPUTACION |p 2103 | ||
